Unemployment at a Time of Labour Shortage
Hoci miera nezamestnanosti v Slovenskej republike výrazne klesla, vysoká dlhodobá nezamestnanosť zostáva problémom. Približne 65 % z celkovej nezamestnanosti tvoria dlhodobo nezamestnaní. Je to paradox najmä v čase, keď má ekonomika nedostatok voľnej pracovnej sily, čo sa rieši otvorením trhu práce...
Salvato in:
| Autore principale: | |
|---|---|
| Natura: | Capitolo di libro |
| Lingua: | inglese |
| Soggetti: | |
| Tags: |
Nessun Tag, puoi essere il primo ad aggiungerne!!
|
MARC
| LEADER | 00000naa$a2200000$$$4500 | ||
|---|---|---|---|
| 001 | 0305374 | ||
| 005 | 20241206094916.8 | ||
| 041 | 0 | |a eng | |
| 044 | |a BG | ||
| 245 | 1 | 0 | |a Unemployment at a Time of Labour Shortage |c Eleonóra Matoušková |
| 520 | |a Hoci miera nezamestnanosti v Slovenskej republike výrazne klesla, vysoká dlhodobá nezamestnanosť zostáva problémom. Približne 65 % z celkovej nezamestnanosti tvoria dlhodobo nezamestnaní. Je to paradox najmä v čase, keď má ekonomika nedostatok voľnej pracovnej sily, čo sa rieši otvorením trhu práce pre zamestnancov z tretích krajín. Zhodnotenie a porovnanie celkovej a dlhodobej nezamestnanosti vo vybraných krajinách (Slovensko, Česká republika, Bulharsko) a identifikácia možností riešenia tohto problému. | ||
| 610 | 2 | 0 | |a trh práce |
| 610 | 2 | 0 | |a sily pracovné |
| 610 | 2 | 0 | |a nezamestnanosť dlhodobá |
| 610 | 2 | 0 | |a miera nezamestnanosti |
| 610 | 2 | 0 | |a miesta pracovné voľné |
| 610 | 2 | 0 | |a porovnanie medzinárodné |
| 610 | 2 | 0 | |a Slovensko |
| 610 | 2 | 0 | |a Česko |
| 610 | 2 | 0 | |a Bulharsko |
| 610 | 2 | 0 | |a Európska únia |
| 100 | 1 | |a Matoušková, Eleonóra, 1962- | |